| 000 | 00971nam a22003017a 4500 | ||
|---|---|---|---|
| 001 | 6059 | ||
| 003 | FISKH | ||
| 005 | 20250303155630.0 | ||
| 008 | 250303b cb ||||| |||| 00| 0 eng d | ||
| 020 | _a9780440401377 | ||
| 040 |
_aFISKH _beng _cFISKH _dFISKH |
||
| 050 | _aPZ7.B9836 B | ||
| 082 | _a813.54 | ||
| 100 |
_aByars, Betsy _d(1928–2020) |
||
| 245 |
_aA blossom promise / _cBetsy Byars ; illustrated by Jacqueline Rogers |
||
| 250 | _aThis edition first published in 1987 | ||
| 260 |
_aNew York : _bYearling, _c1989 |
||
| 300 |
_a145 pages : _billustrations ; _c20 cm |
||
| 505 | _aR | ||
| 520 | _aIn the aftermath of a big flood in Alderson County, the Blossom family continues coping in their rare family style. | ||
| 521 | 8 |
_a620
_bLexile |
|
| 521 | 8 |
_aR
_bRaz-Plus |
|
| 650 |
_2Blossoms _aChildren fiction |
||
| 650 |
_2Heart attacks _aChapter Books |
||
| 700 |
_aRogers, Jacqueline _dillustrator |
||
| 942 |
_2ddc _cBK _n0 |
||
| 999 |
_c6059 _d6059 |
||